| 000 | 00464nam a22001697a 4500 | ||
|---|---|---|---|
| 999 |
_c526892 _d526892 |
||
| 003 | NUST | ||
| 020 |
_a969-8313-07-9 _qHBK |
||
| 038 | _aFaiza | ||
| 082 |
_a891.439 _bTEE |
||
| 100 |
_aTagore, Rabindernath _917897 |
||
| 245 |
_aFikar e Teegor / _cRabindernath Tagore |
||
| 260 |
_aLahore : _bGautam Publishers, _cN.D. |
||
| 300 | _a126 p. ; | ||
| 880 |
_6100-01\r _aرابندرناتھ ٹیگور |
||
| 880 |
_6245-02\r _aفکرِ ٹیگور / |
||
| 942 |
_2ddc _cBK |
||